Excavacions arqueològiques subaquàtiques a Cala Culip. la terra sigil.lata decorada de La Graufesenque / 3, Culip IV :
| Main Author: | |
|---|---|
| Corporate Author: | |
| Other Authors: | , , , |
| Format: | Book |
| Language: | Catalan Spanish French English |
| Language Notes: | Text in Catalan, Spanish, French, and English. |
| Published: |
Girona :
Museu d'Arqueologia de Catalunya, Centre d'Arqueologia Subaquàtica de Catalunya (CASC), Generalitat de Catalunya,
2001.
|
| Series: | Monografies del CASC ;
3. |
| Subjects: |
MARC
| Tag | First Indicator | Second Indicator | Subfields |
|---|---|---|---|
| LEADER | 00000cam a2200000Ia 4500 | ||
| 001 | in00002007291 | ||
| 005 | 20151031140514.0 | ||
| 008 | 020131s2001 sp a b 000 0 cat d | ||
| 020 | |a 8439354304 | ||
| 035 | |a (OCoLC)ocm48929492 | ||
| 040 | |a PL# |c PL# |d TXA |d UtOrBLW | ||
| 041 | 0 | |a cat |a spa |a fre |a eng | |
| 043 | |a e-sp--- | ||
| 049 | |a TXAM | ||
| 090 | |a DP302.G265 |b E98 2001 | ||
| 100 | 1 | |a Nieto, F. Javier |q (Nieto Prieto) | |
| 245 | 1 | 0 | |a Excavacions arqueològiques subaquàtiques a Cala Culip. |n 3, |p Culip IV : |b la terra sigil.lata decorada de La Graufesenque / |c [autors, Xavier Nieto, Anna Maria Puig ; col.laboradors, B.R. Hartley, Brenda M. Dickinson, Joan Carles Libori]. |
| 246 | 3 | 0 | |a Culip IV : la terra sigil.lata decorada de La Graufesenque |
| 246 | 3 | 0 | |a Culip 4 : la terra sigil.lata decorada de La Graufesenque |
| 246 | 3 | 0 | |a Terra sigil.lata decorada de La Graufesenque |
| 264 | 1 | |a Girona : |b Museu d'Arqueologia de Catalunya, Centre d'Arqueologia Subaquàtica de Catalunya (CASC), Generalitat de Catalunya, |c 2001. | |
| 300 | |a 523 pages : |b illustrations ; |c 30 cm. | ||
| 336 | |a text |b txt |2 rdacontent | ||
| 337 | |a unmediated |b n |2 rdamedia | ||
| 338 | |a volume |b nc |2 rdacarrier | ||
| 490 | 1 | |a Monografies del CASC ; |v 3 | |
| 546 | |a Text in Catalan, Spanish, French, and English. | ||
| 504 | |a Includes bibliographical references (pages 517-519). | ||
| 651 | 0 | |a Cala Culip Site (Spain) | |
| 651 | 0 | |a Cadaqués (Spain) | |
| 651 | 0 | |a Gerona (Spain : Province) |x Antiquities. | |
| 650 | 0 | |a Underwater archaeology |z Spain |z Gerona (Province) | |
| 650 | 0 | |a Excavations (Archaeology) |z Spain |z Gerona (Province) | |
| 653 | |a Arqueología submarina |a Cadaqués (Gerona, España). | ||
| 653 | |a Excavaciones arqueológicas |a Cadaqués (Gerona, España). | ||
| 653 | |a Culip (Cadaqués, Gerona : Yacimiento arqueológico). | ||
| 653 | |a Cadaqués (Gerona, España) |a Arqueología. | ||
| 700 | 1 | |a Puig, Anna Maria. | |
| 700 | 1 | |a Hartley, Brian. | |
| 700 | 1 | |a Dickinson, Brenda M. | |
| 700 | 1 | |a Libori, Joan Carles. | |
| 710 | 2 | |a Museu d'Arqueologia de Catalunya. |b Centre d'Arqueologia Subaquàtica de Catalunya. | |
| 830 | 0 | |a Monografies del CASC ; |v 3. | |
| 938 | |a Puvill Libros |b PUVL |n 8439354304 |c $48.31 | ||
| 948 | |a cataloged |b h |c 2004/11/11 |d c |e rdavis |f 9:23:48 am | ||
| 994 | |a E0 |b TXA | ||
| 999 | |a MARS | ||
| 999 | f | f | |s c3f66f68-b20d-3d47-a22b-c512f3ff0cc5 |i 49a1c727-2826-353c-8b4a-740311162965 |t 0 |
| 952 | f | f | |p noncirc |a Texas A&M University |b College Station |c Sterling C. Evans Library |d Bodrum (located in Turkey) |t 0 |e DP302.G265 E98 2001 |h Library of Congress classification |i unmediated -- volume |
| 998 | f | f | |a DP302.G265 E98 2001 |t 0 |l Bodrum (located in Turkey) |